|
|
|
|
| LEADER |
01360nam a2200325 a 4500 |
| 001 |
29397 |
| 003 |
BD-DhAAL |
| 005 |
20150620105803.0 |
| 008 |
150620s2012 nyua b 001 0 eng |
| 010 |
|
|
|a 2011028498
|
| 020 |
|
|
|a 9780415880398 (hbk. : acidfree paper)
|
| 020 |
|
|
|a 9780203827819 (ebk.)
|
| 040 |
|
|
|a DLC
|c DLC
|d DLC
|d BD-DhAAL
|
| 050 |
0 |
0 |
|a PN56.C55
|b V37 2012
|
| 082 |
0 |
0 |
|a 809/.93321732
|2 23
|
| 100 |
1 |
|
|a Varma, Rashmi.
|9 12301
|
| 245 |
1 |
4 |
|a The postcolonial city and its subjects :
|b London, Nairobi, Bombay /
|c Rashmi Varma.
|
| 260 |
|
|
|a New York :
|b Routledge,
|c 2012.
|
| 300 |
|
|
|a xx, 224 p. :
|b ill. ;
|c 24 cm.
|
| 490 |
0 |
|
|a Routledge research in postcolonial literatures ;
|v v. 34
|
| 504 |
|
|
|a Includes bibliographical references and index.
|
| 505 |
0 |
|
|a Eccentric routes -- Different belongings -- Uncivil lines -- Situated solidarities.
|
| 541 |
|
|
|e 29397
|
| 650 |
|
0 |
|a Cities and towns in literature.
|9 12302
|
| 650 |
|
0 |
|a Literature, Modern
|y 20th century
|x History and criticism.
|9 12303
|
| 650 |
|
0 |
|a Literature, Modern
|y 21st century
|x History and criticism.
|9 12304
|
| 650 |
|
0 |
|a Postcolonialism in literature.
|9 12305
|
| 942 |
|
|
|2 ddc
|c BK
|
| 999 |
|
|
|c 34790
|d 34790
|
| 952 |
|
|
|0 0
|1 0
|2 ddc
|4 0
|6 809_933217320000000_VAR
|7 0
|9 54429
|a BRACUL
|b BRACUL
|c GEN
|d 2015-06-20
|l 2
|m 12
|o 809.93321732 VAR
|p 3010029397
|r 2018-11-18
|s 2018-09-23
|t 1
|w 2015-06-20
|y BK
|